| 000 | 01683nam a22001937a 4500 | ||
|---|---|---|---|
| 999 |
_c50208 _d50208 |
||
| 005 | 20230208230107.0 | ||
| 008 | s2550 th o tha d | ||
| 040 | _aNALT | ||
| 086 | _aสว 12 5.4 352 2550 | ||
| 110 | 2 |
_aสำนักงานเลขาธิการวุฒิสภา. _bสำนักกฎหมาย _91852 |
|
| 245 | 1 | 0 |
_aเอกสารประกอบการพิจารณาร่างพระราชบัญญัติศูนย์อำนวยการบริหารจังหวัดชายแดนภาคใต้ พ.ศ. .... (คณะรัฐมนตรี เป็นผู้เสนอ) บรรจุระเบียบวาระการประชุมสภานิติบัญญัติแห่งชาติ ครั้งที่ 10/2550 วันพุธที่ 21 กุมภาพันธ์ 2550 อ.พ. 14/2550 / _cสำนักกฎหมาย สำนักงานเลขาธิการวุฒิสภา. |
| 260 |
_aกรุงเทพฯ : _bสำนักกฎหมาย สำนักงานเลขาธิการวุฒิสภา, _c2550. |
||
| 300 |
_a1 เล่ม : _bตาราง ; _c30 ซม. |
||
| 650 | 4 |
_aร่างพระราชบัญญัติศูนย์อำนวยการบริหารจังหวัดชายแดนภาคใต้ _942540 |
|
| 651 | 4 |
_942543 _aไทย (ภาคใต้) _xกฎหมายและระเบียบข้อบังคับ |
|
| 850 | _aNALT | ||
| 942 |
_cPAR _2local |
||
| 998 |
_j25 _k นีลวัสน์ อินทรักษา |
||